| 000 | 00723cam a22002292a 4500 | ||
|---|---|---|---|
| 001 | 16782 | ||
| 003 | BD-RjUL | ||
| 005 | 20211209000041.0 | ||
| 008 | 140215r19761960enk 000 1 eng d | ||
| 035 |
_aOCLC ocm16291363 from D941003M _a(BD-RjUL) 16837 |
||
| 040 |
_aUKM _cUKM _dBD-RjUL _beng |
||
| 041 | _aeng | ||
| 082 |
_a823.91 _218 _bBAS 1976 |
||
| 100 | 1 |
_aBarth, John, _d1930- _951811 |
|
| 245 | 1 | 4 |
_aThe sot-weed factor / _cJohn Barth |
| 260 |
_aSt. Albans : _bAllied Publishers Ltd., _c1976. |
||
| 300 |
_ax, 795 p. : _c19 cm |
||
| 500 | _aOriginally published: Garden City, N.Y. : Doubleday, 1960; London : Secker and Warburg, 1961 | ||
| 650 | 0 |
_aEnglish fiction _951812 |
|
| 942 |
_2ddc _cBK |
||
| 999 |
_c16782 _d16782 |
||